[Event "WY BU14 2012"]
[Site "Maribor SLO"]
[Date "2012.11.09"]
[Round "2.56"]
[White "Bennett,Owen"]
[Black "Aguilar,Luis Miguel"]
[Result "1/2-1/2"]
[WhiteElo "1642"]
[BlackElo "1882"]

1.d4 Nf6 2.c4 e6 3.Nf3 c5 4.d5 exd5 5.cxd5 d6 6.Nc3 g6 7.Bf4 Bg7 8.Qc2 O-O
9.e4 Re8 10.Bb5 Bd7 11.Bxd7 Qxd7 12.O-O Na6 13.a3 Rad8 14.Nd2 b5 15.f3 Nh5
16.Be3 Rb8 17.Rab1 Rb7 18.Ne2 Nc7 19.Nb3 Nxd5 20.Bf2 Qe7 21.Nc3 Nxc3 22.bxc3 a6
23.Rfd1 Be5 24.Qd2 Rbb8 25.Rbc1 Nf4 26.g3 Nh3+ 27.Kg2 Nxf2 28.Kxf2 Qe6 29.Qd5 Qh3
30.Rh1 Qe6 31.f4 Qxd5 32.exd5 Bf6 33.Rhe1 Rxe1 34.Kxe1 Re8+ 35.Kd2 Re4 36.h3 Kf8
37.Rf1 Ra4 38.Ra1 b4  1/2-1/2

[Event "WY BU14 2012"]
[Site "Maribor SLO"]
[Date "2012.11.10"]
[Round "3.9"]
[White "Bai,Jinshi"]
[Black "Rudakov,A"]
[Result "1-0"]
[WhiteElo "2288"]
[BlackElo "2098"]

1.d4 Nf6 2.c4 c5 3.d5 e6 4.Nc3 exd5 5.cxd5 d6 6.Nf3 g6 7.Bf4 a6 8.a4 Bg7
9.h3 O-O 10.e3 Qe7 11.Be2 Ne8 12.O-O Nd7 13.Re1 Ne5 14.Nd2 f5 15.Bh2 Nc7
16.f4 Nd7 17.Bf3 Nf6 18.Qb3 Rb8 19.e4 fxe4 20.Ndxe4 Nxe4 21.Nxe4 Bf5 22.Nxc5 Qf6
23.Ne6 Nxe6 24.dxe6 Qxb2 25.Qxb2 Bxb2 26.Rad1 Ba3 27.Re2 Rbc8 28.Bxb7 Rc2
29.Bxa6 Rxe2 30.Bxe2 Bxe6 31.a5 Ra8 32.a6 Bc8 33.Ra1 Bc5+ 34.Kf1 Kf7 35.Bg1 Ra7
36.Bxc5 dxc5 37.Ra5 h6 38.Kf2 Ke7 39.Rxc5  1-0

[Event "WY BU18 2012"]
[Site "Maribor SLO"]
[Date "2012.11.10"]
[Round "3.21"]
[White "Havas,Ja"]
[Black "Forcen Esteban,D"]
[Result "0-1"]
[WhiteElo "2135"]
[BlackElo "2479"]

1.d4 Nf6 2.c4 c5 3.d5 e6 4.Nc3 d6 5.Nf3 exd5 6.cxd5 g6 7.Nd2 Nbd7 8.Nc4 Nb6
9.e4 Bg7 10.Ne3 O-O 11.Bd3 Re8 12.O-O Bd7 13.a4 c4 14.Bc2 a5 15.Bd2 h5 16.Qe2 Qc7
17.Kh1 Qc5 18.f3 Nh7 19.f4 Nf6 20.Qf2 Kh7 21.Rae1 Re7 22.Ned1 Qxf2 23.Nxf2 Ree8
24.Nb5 Bxb5 25.axb5 Nfd7 26.Nd1 a4 27.Nc3 Nc5 28.e5 dxe5 29.d6 Re6 30.fxe5 Kg8
31.Ra1 Bxe5 32.Nxa4 Nbxa4 33.Bxa4 Bxb2 34.b6 Nxa4 35.d7 Rd8 36.Rxa4 Rxd7
37.Bb4 Rxb6 38.Ra8+ Kh7  0-1

[Event "WY BU18 2012"]
[Site "Maribor SLO"]
[Date "2012.11.12"]
[Round "6.30"]
[White "Apryshko,G"]
[Black "Yurtseven,M"]
[Result "1-0"]
[WhiteElo "2328"]
[BlackElo "2118"]

1.d4 Nf6 2.c4 e6 3.Nf3 c5 4.d5 exd5 5.cxd5 d6 6.Nc3 g6 7.e4 a6 8.a4 Bg4 9.Be2 Bxf3
10.Bxf3 Bg7 11.Bf4 O-O 12.O-O Ne8 13.Qb3 b6 14.Nb1 Nd7 15.Nd2 Qf6 16.Qe3 Qe7
17.Nc4 Bd4 18.Qe2 Rb8 19.Rab1 Qf6 20.Bg3 b5 21.axb5 axb5 22.Na5 Ne5 23.Bxe5 Bxe5
24.Nc6 Rb6 25.Bg4 h5 26.Bd7 h4 27.b4 Rb7 28.Bc8 Rc7 29.Bh3 c4 30.g3 Ng7 31.f4 Bd4+
32.Kg2 Re8 33.e5 Rxc6 34.dxc6 dxe5 35.Bd7 h3+ 36.Kxh3 Rf8 37.c7 Qa6 38.fxe5 Ne6
39.Rf6 Ng5+ 40.Kh4 Qb7 41.c8=Q Rxc8 42.Bxc8 Qxc8 43.Kxg5 Qh3 44.Kf4 Qd7 45.Qe4 c3
46.Rd6  1-0

[Event "22nd World Seniors Open"]
[Site "Kamena Vourla GRE"]
[Date "2012.11.14"]
[Round "2.9"]
[White "Kierzek,Ma"]
[Black "Suba,M"]
[Result "0-1"]
[WhiteElo "2172"]
[BlackElo "2418"]

1.d4 Nf6 2.c4 e6 3.Nf3 c5 4.d5 d6 5.Nc3 exd5 6.cxd5 g6 7.Bf4 a6 8.a4 Bg7
9.h3 O-O 10.e3 Ne8 11.Be2 Nd7 12.O-O Rb8 13.Qb3 Qe7 14.Nd2 Nc7 15.Nc4 Ne5
16.Qb6 Nxc4 17.Bxc4 Rd8 18.a5 Na8 19.Qb3 Bd7 20.Qc2 Nc7 21.Qe2 b5 22.axb6 Rxb6
23.Ra2 Bb5 24.Bxb5 Nxb5 25.Nxb5 axb5 26.Rfa1 c4 27.e4 Rb7 28.Ra6 Qf6 29.Qg4 Qxb2
30.Bxd6 Qxa1+ 31.Rxa1 Bxa1 32.Bb4 Bg7 33.d6 c3 34.Qg5 Rbb8 35.e5 c2 36.Bc3 b4
37.Bb2 Rxd6  0-1

[Event "WY BU16 2012"]
[Site "Maribor SLO"]
[Date "2012.11.15"]
[Round "8.26"]
[White "Urbanc,P"]
[Black "Nuri,M"]
[Result "1/2-1/2"]
[WhiteElo "1962"]
[BlackElo "2145"]

1.d4 Nf6 2.c4 e6 3.Nc3 c5 4.d5 exd5 5.cxd5 d6 6.Nf3 g6 7.e4 Bg7 8.Bb5+ Bd7
9.Bd3 Bg4 10.h3 Bxf3 11.Qxf3 O-O 12.O-O Nbd7 13.Bf4 Qc7 14.Qg3 Ne5 15.Bxe5 dxe5
16.Qe3 Rfc8 17.b3 Qd8 18.Rac1 Bf8 19.Kh1 Bd6 20.g3 a6 21.a4 Rab8 22.Kg2 Kg7
23.f4 h6 24.Qf3 Qd7 25.h4 Qg4 26.Be2 Qxf3+ 27.Rxf3 Re8 28.Bd3 Bc7 29.f5 Ba5
30.Na2 Rbc8 31.fxg6 fxg6 32.Rcf1 Rf8 33.Nc1 Nd7 34.Rxf8 Rxf8 35.Rxf8 Kxf8
36.Be2 Bc3 37.Nd3 Bd4 38.g4 Nf6 39.Kf3 Ke7 40.b4 c4 41.Nc5 Bxc5 42.bxc5 c3
43.Bd1 Nd7 44.c6 bxc6 45.dxc6 Nc5 46.Ke3 Kd6 47.Be2 Kxc6 48.g5 hxg5 49.hxg5 a5
50.Bb5+ Kd6 51.Be8 Nxe4 52.Kd3 Nxg5 53.Bxg6 Kd5 54.Kxc3 Ne4+ 55.Kc2 Kd4 56.Be8 Nd6
57.Bd7 Nc4 58.Be8 e4 59.Kd1 Ne3+ 60.Ke2 Nd5  1/2-1/2

[Event "WY BU14 2012"]
[Site "Maribor SLO"]
[Date "2012.11.15"]
[Round "8.68"]
[White "Evans,Nicholas Thomas"]
[Black "Conradie,Andre"]
[Result "0-1"]
[WhiteElo "1732"]
[BlackElo "1659"]

1.d4 Nf6 2.Nf3 c5 3.d5 e6 4.c4 exd5 5.cxd5 d6 6.Nc3 g6 7.Bf4 a6 8.h3 Bg7
9.Qa4+ Bd7 10.Qb3 Bc8 11.Qa4+ Bd7 12.Qb3 Qc7 13.e3 O-O 14.Be2 b5 15.O-O Bc8
16.a4 b4 17.Nb1 Bb7 18.Bc4 a5 19.Nbd2 Re8 20.Bb5 Bxd5 21.Nc4 Rd8 22.Rad1 Nbd7
23.e4 Bxc4 24.Qxc4 Nb6 25.Qe2 Qe7 26.Bc6 Rac8 27.Qb5 Qc7 28.Bd5 Nfxd5 29.exd5 Bxb2
30.Rfe1 Bg7 31.Bg5 f6 32.Bf4 Rb8 33.Qc6 Qxc6 34.dxc6 Rbc8 35.Rxd6 Rxd6 36.Bxd6 Rxc6
37.Re8+ Kf7 38.Re7+ Kf8 39.Re6+ Rxd6 40.Rxd6 Nxa4 41.Nd2 Nb2 42.Rc6 a4 43.Rxc5 f5
44.Rc8+ Kf7 45.Rc7+ Kf6 46.g4 Bh6 47.Nf3 fxg4 48.hxg4 Bf4 49.g5+ Kf5 50.Rb7 Bd6
51.Rxh7 a3 52.Nd4+ Ke4 53.Nb3 Kd3 54.Rh3+ Kc2 55.Kf1 Nd3 56.Na1+ Kb2 57.Rxd3 Kxa1
58.Rxd6 b3 59.Rxg6 a2 60.Re6 b2 61.Re1+ b1=Q 62.g6 Qxe1+ 63.Kxe1 Kb2 64.g7 a1=Q+  0-1

[Event "WY BU18 2012"]
[Site "Maribor SLO"]
[Date "2012.11.15"]
[Round "8.30"]
[White "Torres Rosas,L"]
[Black "Yurtseven,M"]
[Result "1/2-1/2"]
[WhiteElo "2243"]
[BlackElo "2118"]

1.d4 Nf6 2.c4 e6 3.Nf3 c5 4.d5 exd5 5.cxd5 d6 6.Nc3 g6 7.e4 Bg7 8.h3 a6 9.a4 Nbd7
10.Bd3 Nh5 11.Bg5 Bf6 12.Be3 Ne5 13.Be2 Nxf3+ 14.Bxf3 Ng7 15.O-O O-O 16.Qd2 Be5
17.Bf4 Qe7 18.Rfe1 Rb8 19.a5 b5 20.axb6 Rxb6 21.Ra2 Bd7 22.Rea1 Rfb8 23.Be2 a5
24.Bd1 f5 25.Bxe5 Qxe5 26.b3 fxe4 27.Rxa5 Bf5 28.Ra7 R8b7 29.Rxb7 Rxb7 30.Bg4 e3
31.fxe3 Qg3  1/2-1/2

[Event "TCh-AUT 2 East 2012-13"]
[Site "Austria AUT"]
[Date "2012.11.17"]
[Round "3.2"]
[White "Sadilek,P"]
[Black "Heiny,J"]
[Result "1/2-1/2"]
[WhiteElo "2248"]
[BlackElo "2264"]

1.d4 Nf6 2.c4 c5 3.d5 e6 4.Nc3 exd5 5.cxd5 d6 6.Nf3 g6 7.Bf4 a6 8.Nd2 Nh5
9.Qa4+ Qd7 10.Qe4+ Kd8 11.Bg5+ Be7 12.Bxe7+ Qxe7 13.Nc4 b5 14.Nb6 Ra7 15.Nxc8 Kxc8
16.Qc2 Re8 17.g3 Nf6 18.Bg2 Nbd7 19.e3 Nb6 20.O-O-O b4 21.Na4 Nxa4 22.Qxa4 Qd7
23.Qc2 Qb5 24.Bf1 Qa5 25.Bc4 Rae7 26.Kb1 Nd7 27.Rc1 Kb7 28.Rhd1 f5 29.Qb3 Nb6
30.h4 Qa4 31.Qd3 Re4 32.b3 Qa3 33.h5 Nxc4  1/2-1/2

[Event "WY BU16 2012"]
[Site "Maribor SLO"]
[Date "2012.11.17"]
[Round "10.32"]
[White "Batchelor,Peter J"]
[Black "Zhahbai,uulu Zhohar"]
[Result "1-0"]
[WhiteElo "2138"]
[BlackElo "2029"]

1.d4 Nf6 2.c4 e6 3.Nf3 c5 4.d5 exd5 5.cxd5 d6 6.Nc3 g6 7.e4 Bg7 8.h3 O-O
9.Bd3 Re8 10.O-O b6 11.Bf4 Ba6 12.Re1 Qd7 13.a4 Bxd3 14.Qxd3 a6 15.Bh2 Ra7
16.e5 dxe5 17.Nxe5 Qc8 18.Nc4 Qd8 19.Re3 Rxe3 20.fxe3 Nc6 21.d6 Rd7 22.Rf1 Nb4
23.Qe2 Ne8 24.e4 Nc6 25.e5 Qb8 26.Qg4 Qd8 27.Kh1 Nd4 28.a5 b5 29.Nb6 Ra7
30.Qe4 Ne6 31.Qc6 Bf8 32.Ncd5 f6 33.Nxf6+ Nxf6 34.Rxf6 Nd4 35.Qxc5 Nf5 36.Qd5+ Kg7
37.d7 Be7 38.Qf7+ Kh8 39.Qe8+ Kg7 40.Rf7+ Kh6 41.Rxe7 Rc7 42.Bf4+  1-0

[Event "TCh-FIN SM 2012-13"]
[Site "Tampere FIN"]
[Date "2012.11.17"]
[Round "6.7"]
[White "Kiviaho,A"]
[Black "Koykka,P"]
[Result "0-1"]
[WhiteElo "2173"]
[BlackElo "2242"]

1.d4 Nf6 2.c4 e6 3.Nf3 c5 4.d5 exd5 5.cxd5 d6 6.Nc3 g6 7.e4 Bg7 8.Be2 O-O
9.O-O a6 10.a4 Bg4 11.Bg5 Nbd7 12.Nd2 Bxe2 13.Qxe2 Re8 14.h3 Qc7 15.Bf4 Ne5
16.Nc4 Nfd7 17.Bxe5 Nxe5 18.a5 Nxc4 19.Qxc4 b5 20.axb6 Qxb6 21.Rfb1 a5 22.f3 Qb4
23.Ra4 Qxc4 24.Rxc4 Reb8 25.Nd1 a4 26.Nc3 Rb4 27.Rxb4 cxb4 28.Na2 b3 29.Nb4 a3
30.bxa3 Rxa3 31.Kh2 b2 32.Nc2 Ra1 33.Nxa1 bxa1=Q 34.Rxa1 Bxa1 35.Kg3 Kg7
36.Kg4 h5+ 37.Kg5 Be5 38.g4 f6+ 39.Kh4 g5+ 40.Kxh5 Bg3 41.h4 gxh4 42.g5 h3  0-1

[Event "WY BU18 2012"]
[Site "Maribor SLO"]
[Date "2012.11.18"]
[Round "11.33"]
[White "Stegariu,V"]
[Black "Oltian,Vata"]
[Result "1-0"]
[WhiteElo "2217"]
[BlackElo "1799"]

1.d4 Nf6 2.c4 c5 3.d5 e6 4.Nc3 exd5 5.cxd5 d6 6.Nf3 g6 7.Bg5 Bg7 8.Nd2 h6
9.Bh4 O-O 10.Nc4 Re8 11.e3 g5 12.Bg3 Ne4 13.Nxe4 Rxe4 14.Qc2 Bf5 15.Bd3 Rxc4
16.Qxc4 Qa5+ 17.Ke2 Bxd3+ 18.Qxd3 Na6 19.a4 Nb4 20.Qb5 Qc7 21.Rhd1 Bxb2 22.Rab1 Bg7
23.Kf1 a5 24.e4 Rd8 25.Rdc1 Rc8 26.Rc4 f5 27.exf5 Rf8 28.Re4 Qf7 29.Bxd6 Rd8
30.Bxc5 Qxf5 31.Rbe1 Rxd5 32.Qe8+ Kh7 33.Bxb4 axb4 34.Rxb4 Rd2 35.Qe3 Ra2
36.Rxb7 Rxa4 37.Qe5 Qf8 38.Rxg7+  1-0

[Event "VIII Governor's Cup"]
[Site "Khanty-Mansiysk RUS"]
[Date "2012.11.19"]
[Round "5.8"]
[White "Matlakov,M"]
[Black "Kopylov,Al2"]
[Result "1-0"]
[WhiteElo "2673"]
[BlackElo "2425"]

1.d4 Nf6 2.c4 c5 3.d5 e6 4.Nc3 exd5 5.cxd5 d6 6.Nf3 g6 7.Nd2 a6 8.a4 Nbd7
9.e4 Bg7 10.Be2 O-O 11.O-O Rb8 12.a5 Re8 13.Ra3 h5 14.h3 b5 15.axb6 Nxb6
16.Re1 Nfd7 17.Bf1 h4 18.Nb3 Ne5 19.Na5 g5 20.Nc6 Nxc6 21.dxc6 Bd4 22.Be3 Qf6
23.Bxa6 Ra8 24.Bxc8 Rxa3 25.Bd7 Bxc3 26.Bxe8 Bxe1 27.bxa3 Ba5 28.c7 Qe7 29.Bb5 f6
30.Qa4 Nxa4 31.c8=Q+ Kg7 32.Bxa4 Qxe4 33.Qd7+ Kh6 34.Qxd6 Qxa4 35.Qxf6+ Kh7
36.Qe7+ Kh8 37.Bxg5 Bc3 38.Qxc5 Bg7 39.Qc8+ Kh7 40.Qf5+ Kg8 41.Qg4 Qa6 42.Bxh4  1-0

[Event "VIII Governor's Cup B"]
[Site "Khanty-Mansiysk RUS"]
[Date "2012.11.20"]
[Round "5"]
[White "Chekletsov,Ilya"]
[Black "Bakin,A"]
[Result "1/2-1/2"]
[WhiteElo "1999"]
[BlackElo "2175"]

1.d4 Nf6 2.c4 e6 3.Nf3 c5 4.d5 exd5 5.cxd5 d6 6.Nc3 a6 7.a4 g6 8.Bf4 Bg7
9.h3 O-O 10.e3 Qe7 11.Nd2 Nbd7 12.Nc4 Ne8 13.Be2 Rb8 14.O-O Ne5 15.Nb6 f5
16.Bh2 Nf6 17.Qc2 Nfd7 18.Nxc8 Rbxc8 19.f4 Nf7 20.e4 Bxc3 21.bxc3 Qxe4 22.Qxe4 fxe4
23.Bg4 Rc7 24.Be6 Kg7 25.Rae1 c4 26.Rxe4 Nc5 27.Ree1 Nd3 28.Re4 Nc5 29.Ree1 Nd3  1/2-1/2

[Event "Plzen Open 2012"]
[Site "Plzen CZE"]
[Date "2012.11.20"]
[Round "3"]
[White "Kourousis,E"]
[Black "Ilandzis,S"]
[Result "1-0"]
[WhiteElo "2354"]
[BlackElo "2179"]

1.d4 Nf6 2.c4 c5 3.d5 e6 4.Nf3 exd5 5.cxd5 d6 6.Nc3 g6 7.g3 Bg7 8.Bg2 O-O
9.O-O Re8 10.Nd2 a6 11.a4 Nbd7 12.h3 Rb8 13.Nc4 Ne5 14.Na3 Nh5 15.e4 Rf8
16.f4 Nxg3 17.fxe5 Nxf1 18.Qxf1 Bxe5 19.Nc4 Bd4+ 20.Kh1 f5 21.Bh6 Rf7 22.Qf4 fxe4
23.Qxd6 Bf5 24.Bf4 Rc8 25.Qxd8+ Rxd8 26.Nd6 Rfd7 27.Ndxe4 Bxe4 28.Bxe4 Rf7
29.Bg3 Bf2 30.Bh2 Bh4 31.d6 Rf2 32.Bxb7 Rxb2 33.Bxa6 Bf6 34.Rc1 Bg5 35.Rd1 Rxh2+
36.Kxh2 Rxd6 37.Rxd6 Bf4+ 38.Kg2 Bxd6 39.a5 Kg7 40.Bc4 Bc7 41.a6 Bb6 42.Kf3 Kf6
43.Ke4 Kg5 44.Kd5 Kh4 45.Kc6  1-0

[Event "VIII Governor's Cup"]
[Site "Khanty-Mansiysk RUS"]
[Date "2012.11.22"]
[Round "8.13"]
[White "Iskusnyh,S"]
[Black "Kopylov,Al2"]
[Result "1/2-1/2"]
[WhiteElo "2495"]
[BlackElo "2425"]

1.d4 Nf6 2.c4 c5 3.d5 e6 4.Nc3 exd5 5.cxd5 d6 6.Nf3 g6 7.g3 Bg7 8.Bg2 O-O
9.O-O Re8 10.Bf4 a6 11.a4 Bg4 12.Qb3 Bxf3 13.Bxf3 Qc7 14.Qc4 Nbd7 15.b4 h6
16.bxc5 Nxc5 17.Rac1 Qe7 18.a5 Nfd7 19.Na4 Rec8 20.Nxc5 Nxc5 21.Qb4 Rc7 22.Rc4 Rac8
23.Rfc1 Kh7 24.Bg4 f5 25.Bf3 Be5 26.Be3 Kg7 27.Qd2 Nb3 28.Bxh6+ Kh7 29.Rxc7 Rxc7
30.Rxc7 Qxc7 31.Qb4 Nxa5 32.Qh4 Kg8 33.e4 Nb3 34.exf5 Nd4 35.Qg4 Nxf3+ 36.Qxf3 Qf7
37.Qb3 gxf5 38.Be3 b5 39.Bd2 Qc7 40.Qd3 Qc4 41.Qxf5 Qxd5 42.Qg6+ Kf8 43.Bh6+ Ke7
44.Qh7+ Qf7 45.Qe4 Qh5 46.Be3 Qd1+ 47.Kg2 Qa4 48.Qb7+ Ke6 49.f4 Qc2+ 50.Kh3 Bf6
51.g4 Qd3 52.f5+ Ke5 53.Qf3 Qe4 54.Qf2 Kd5 55.g5 Be5 56.f6 Qh7+ 57.Kg4 Qe4+
58.Kh5 Qh7+ 59.Kg4 Qe4+ 60.Bf4 Ke6 61.Qa2+ Kd7 62.Qf7+ Kc6 63.Qe8+ Kc7 64.Qe7+ Kc6
65.Qe8+ Kc7 66.Qe7+ Kc6 67.Qe8+  1/2-1/2

[Event "48th American Open"]
[Site "Anaheim USA"]
[Date "2012.11.23"]
[Round "2"]
[White "Ortiz,E PHI"]
[Black "Aldama Degurnay,D"]
[Result "1-0"]
[WhiteElo "2272"]
[BlackElo "2434"]

1.d4 Nf6 2.c4 e6 3.Nf3 c5 4.d5 exd5 5.cxd5 d6 6.Nc3 g6 7.Bf4 Bg7 8.Qa4+ Bd7
9.Qb3 Qc7 10.e3 O-O 11.Be2 a6 12.a4 b6 13.Nd2 Ra7 14.Nc4 b5 15.axb5 axb5
16.Rxa7 Qxa7 17.Nxb5 Qa1+ 18.Bd1 Nxd5 19.Bxd6 Nb4 20.Nba3 Rd8 21.O-O N8a6
22.Bxc5 Ba4 23.Qxa4 Nxc5 24.Qxb4 Rxd1 25.Qb8+ Bf8 26.Nd2 Ne4 27.Nac4 Qc1
28.Qb3 Rxf1+ 29.Nxf1 Qe1 30.Qc2 f5 31.f3 Nc5 32.Ne5 Qb4 33.Nd2 Kg7 34.Nc6 Qb5
35.Qc3+ Kf7 36.Nd4 Qd3 37.Qc4+ Kf6 38.Qxd3 Nxd3 39.Nc4 f4 40.Kf1 fxe3 41.Ke2 Nf4+
42.Kxe3 Nxg2+ 43.Ke4 Nh4 44.Ne5 Bd6 45.f4 h5 46.Nb5 Bb4 47.Nc7 Bd6 48.Ne8+ Ke7
49.Nxd6 Kxd6 50.b4 Ke6 51.Nxg6 Nf5 52.Nf8+ Kf6 53.Nd7+ Ke6 54.Nc5+ Kf6 55.Nb7 Ne7
56.b5 Nc8 57.f5 h4 58.h3 Nb6 59.Nd6 Nd7 60.Kf4 Nb6 61.Ne4+ Ke7 62.Kg4 Nd5
63.Kxh4 Kd7 64.Kg4 Nc7 65.b6  1-0

[Event "22nd World Seniors Open"]
[Site "Kamena Vourla GRE"]
[Date "2012.11.23"]
[Round "10.5"]
[White "Timoscenko,G"]
[Black "Cebalo,M"]
[Result "0-1"]
[WhiteElo "2490"]
[BlackElo "2403"]

1.d4 Nf6 2.c4 c5 3.d5 e6 4.Nc3 exd5 5.cxd5 d6 6.Nf3 g6 7.Bf4 a6 8.a4 Bg7
9.h3 Qe7 10.e3 Nbd7 11.Be2 O-O 12.O-O Ne8 13.Re1 Ne5 14.Nd2 Rb8 15.Bh2 f5
16.Qc2 Nc7 17.f4 Nf7 18.e4 fxe4 19.Ndxe4 Qd8 20.Rab1 b5 21.axb5 Nxb5 22.Nxb5 axb5
23.b4 c4 24.g4 Ra8 25.Rf1 Bb7 26.Rbd1 Ra3 27.Bf3 Qa8 28.f5 Ra2 29.Qc1 Be5
30.Bxe5 Nxe5 31.Qh6 Nxf3+ 32.Rxf3 Bxd5 33.fxg6 Qa7+ 34.Rf2 Raxf2 35.Qxh7+ Qxh7
36.gxh7+ Kxh7 37.Nxf2 c3 38.Rd3 c2 39.Rc3 Bb3 40.Kg2 Rf4 41.Nd3 Rd4 42.Nc1 Ba4
43.Kf3 Rxb4 44.h4 Rb1 45.Ne2 b4 46.Rc7+ Kg8 47.Rc8+ Kf7 48.Rc7+ Ke8 49.g5 Kd8
50.Rc4 Bb3 51.Rd4 Rf1+ 52.Ke3 Re1  0-1

[Event "XXVI Belgrade Trophy 2012"]
[Site "Belgrade SRB"]
[Date "2012.11.24"]
[Round "1.1"]
[White "Atalik,S"]
[Black "Milanko,N"]
[Result "1-0"]
[WhiteElo "2595"]
[BlackElo "2027"]

1.d4 Nf6 2.c4 e6 3.Nc3 c5 4.d5 exd5 5.cxd5 d6 6.Nf3 g6 7.Bf4 Bg7 8.Qa4+ Bd7
9.Qb3 Qc7 10.e4 O-O 11.Nd2 Nh5 12.Be3 f5 13.exf5 gxf5 14.Be2 Be8 15.Nf3 f4
16.Bd2 Qe7 17.O-O Nd7 18.Rae1 Ne5 19.Ne4 b6 20.Bc3 Kh8 21.Nxe5 Bxe5 22.Bxh5 Bxh5
23.Nxd6  1-0

[Event "British Rapidplay"]
[Site "Leeds ENG"]
[Date "2012.11.24"]
[Round "6.2"]
[White "Hawkins,Jo"]
[Black "Gormally,D"]
[Result "0-1"]
[WhiteElo "2511"]
[BlackElo "2495"]

1.d4 Nf6 2.c4 e6 3.Nf3 c5 4.d5 d6 5.Nc3 exd5 6.cxd5 g6 7.Bf4 a6 8.Nd2 b5
9.a4 b4 10.Nce4 Nxe4 11.Nxe4 Be7 12.Qd2 O-O 13.g3 Bf5 14.Bg2 Bxe4 15.Bxe4 Bf6
16.Bf3 Qe7 17.O-O Nd7 18.Qc2 Rfc8 19.Bg4 c4 20.Rac1 Rc7 21.Be3 Re8 22.Rfd1 Ne5
23.Bh3 b3 24.Qe4 Qf8 25.Qf4 Qg7 26.Bb6 Rce7 27.Qd2 c3 28.Qxc3 Nd7 29.Qxb3 Nxb6
30.Qxb6 Rxe2 31.b4 h5 32.Bf1 Rb2 33.Bxa6 Re4 34.Rc8+ Kh7 35.Rc4 Ree2 36.Rf4 Rec2
37.Qa7 Kg8 38.Qb8+ Kh7 39.Bd3 Rd2 40.Rxd2 Rxd2 41.Rf3 Be5 42.a5 h4 43.a6 Bd4
44.a7 Bxf2+  0-1

[Event "XXVI Belgrade Trophy 2012"]
[Site "Belgrade SRB"]
[Date "2012.11.25"]
[Round "2.16"]
[White "Georgescu,T"]
[Black "Mikicic,Du"]
[Result "1/2-1/2"]
[WhiteElo "2403"]
[BlackElo "2157"]

1.d4 Nf6 2.c4 c5 3.d5 e6 4.Nc3 exd5 5.cxd5 d6 6.Nf3 g6 7.Bf4 Bg7 8.Qa4+ Bd7
9.Qb3 Qc7 10.e4 O-O 11.Bd3 Nh5 12.Be3 Na6 13.O-O Qb6 14.Qxb6 axb6 15.Be2 Nb4
16.Bd2 Rfe8 17.Ne1 f5 18.Nd3 Nxd3 19.Bxd3 Bxc3 20.bxc3 fxe4 21.Be2 Nf6 22.Rfb1 Nxd5
23.Bc4 Be6 24.Bxd5 Bxd5 25.Rxb6 Bc6 26.Bf4 Re6 27.a4 d5 28.Be3 Ra5 29.Bd2 Kf7
30.c4 Ra6 31.Rxa6 bxa6 32.cxd5 Bxd5 33.Rb1 Bc6 34.a5 Bb5 35.Rc1 Rd6 36.Bf4 Rd3
37.h4 c4 38.Be5 Ke6 39.Bc3 Kf5 40.Bg7 Ra3 41.Ra1 Rd3 42.Re1 Bc6 43.Re3 Rd1+
44.Kh2 Ke6 45.Kg3 Kf7 46.Bc3 Rf1 47.Re1 Rxe1 48.Bxe1 Ke6 49.Kf4 h6 50.Bc3 Bb7
51.Bg7 h5 52.Bc3  1/2-1/2

[Event "3rd Thanksgiving Open"]
[Site "Saint Louis USA"]
[Date "2012.11.25"]
[Round "5"]
[White "Kavutskiy,K"]
[Black "Li,Zhaozhi"]
[Result "1-0"]
[WhiteElo "2301"]
[BlackElo "1937"]

1.d4 Nf6 2.c4 e6 3.Nf3 c5 4.d5 exd5 5.cxd5 d6 6.Nc3 g6 7.Nd2 Bg7 8.e4 O-O
9.Be2 Na6 10.O-O Rb8 11.Re1 Nc7 12.a4 b6 13.Nc4 Nfe8 14.Qc2 Ba6 15.Bf4 Bxc4
16.Bxc4 a6 17.Qe2 b5 18.axb5 axb5 19.Nxb5 Nxb5 20.Bxb5 Nc7 21.Bc6 Rxb2 22.Qf3 Nb5
23.Bxb5 Rxb5 24.Rad1 Re8 25.Qg3 c4 26.Bxd6 Rb3 27.Bc7 Qc8 28.f3 Bc3 29.Re2 Rb2
30.Rxb2 Bxb2 31.d6 Qd7 32.Qf2 c3 33.Qc2 Rc8 34.Qd3 Kf8 35.f4 Ra8 36.Qc2 Qc6
37.e5 Qc5+ 38.Kh1 Qc6 39.h3 Ra1 40.Rxa1 Bxa1 41.Ba5 Ke8 42.Bb4 Bb2 43.Kh2 Kd7
44.f5 g5 45.Qb3 Qe4 46.Qa4+  1-0

[Event "XXVI Belgrade Trophy 2012"]
[Site "Belgrade SRB"]
[Date "2012.11.26"]
[Round "3.4"]
[White "Pantelic,Sa"]
[Black "Indjic,A"]
[Result "0-1"]
[WhiteElo "2333"]
[BlackElo "2511"]

1.d4 Nf6 2.c4 c5 3.d5 e6 4.Nc3 exd5 5.cxd5 d6 6.Nf3 g6 7.Bf4 a6 8.a4 Bg7
9.h3 O-O 10.e3 Ne8 11.Be2 Nd7 12.O-O h6 13.e4 Qe7 14.Nd2 Ne5 15.Bh2 g5 16.Re1 Rb8
17.Nf1 Ng6 18.Ng3 Be5 19.Bg4 Ng7 20.Kh1 Qf6 21.Qc2 b5 22.axb5 axb5 23.Bxc8 Rfxc8
24.Nf5 h5 25.Bxe5 Qxe5 26.Qd2 b4 27.Nd1 Nxf5 28.exf5 Qxf5 29.Ne3 Qf4 30.Qe2 Re8
31.Qxh5 Qxf2 32.Re2 Qh4 33.Qxh4 gxh4 34.Ree1 Re5 35.Nc4 Rxd5 36.Rad1 Rxd1
37.Rxd1 Ne5 38.Nxd6 c4 39.Rc1 c3 40.bxc3 b3 41.Rb1 b2 42.Ne4 Nc4 43.Kh2 Na3  0-1

[Event "XXVI Belgrade Trophy 2012"]
[Site "Belgrade SRB"]
[Date "2012.11.26"]
[Round "3.20"]
[White "Demir,G"]
[Black "Georgescu,T"]
[Result "1-0"]
[WhiteElo "2212"]
[BlackElo "2403"]

1.d4 Nf6 2.c4 c5 3.d5 e6 4.Nc3 exd5 5.cxd5 d6 6.Nf3 g6 7.g3 Bg7 8.Bg2 O-O
9.O-O Re8 10.Bf4 Nh5 11.Bg5 Qd7 12.a4 b6 13.e4 h6 14.Be3 Nf6 15.Nh4 Ng4 16.Bh3 Nxe3
17.Bxd7 Nxd1 18.Bxe8 Nxc3 19.bxc3 Bxc3 20.Ra3 Bf6 21.a5 bxa5 22.Rb1 Kf8 23.Bb5 a6
24.Bc4 Nd7 25.f4 Bd4+ 26.Kg2 Nf6 27.Nf3 Nxe4 28.Nxd4 cxd4 29.Rxa5 Nc5 30.Rb6 Ke7
31.Kf2 Bf5 32.Ke2 Rc8 33.Kd2 Be4 34.Rb4 Bg2 35.Ba2 Bf1 36.Rxd4 f5 37.Ke1 Bb5
38.Ra3 Ne4 39.Bb1 Nc3 40.Bd3 Kf6 41.Kd2 Ne4+ 42.Bxe4 fxe4 43.Rxe4 Kf5 44.Re6 Rd8
45.Ke3 Bf1 46.Ra1 Bc4 47.Kd4 Bb5 48.Rc1 g5 49.Rc7 gxf4 50.Rf7+ Kg5 51.Rg7+ Kh5
52.g4+  1-0

[Event "XXVI Belgrade Trophy 2012"]
[Site "Belgrade SRB"]
[Date "2012.11.28"]
[Round "5.28"]
[White "Rajcevic,S"]
[Black "Spiric,I"]
[Result "0-1"]
[WhiteElo "2068"]
[BlackElo "2275"]

1.d4 e6 2.c4 Nf6 3.Nc3 c5 4.d5 exd5 5.cxd5 d6 6.Nf3 g6 7.Bf4 a6 8.a4 Bg7
9.h3 O-O 10.e3 Qe7 11.Nd2 Nh5 12.Bh2 f5 13.Be2 f4 14.e4 Nf6 15.O-O g5 16.Nc4 Nbd7
17.Ra3 Ne5 18.Nxe5 Qxe5 19.Re1 Kh8 20.Bh5 Bd7 21.Rb3 b5 22.axb5 axb5 23.Nb1 Ra1
24.Qe2 b4 25.Bf3 Ba4 26.Re3 Qe7 27.Qa6 Rxb1 28.Rxb1 fxe3 29.Qxa4 Nxe4 30.fxe3 Nd2
31.Re1 Rxf3 32.gxf3 Nxf3+ 33.Kf2 Nxe1 34.Qd1 Bxb2 35.Qxe1 Be5  0-1

[Event "XXVI Belgrade Trophy 2012"]
[Site "Belgrade SRB"]
[Date "2012.11.29"]
[Round "6.16"]
[White "Posedaru,B"]
[Black "Zivanovic,B"]
[Result "1-0"]
[WhiteElo "2315"]
[BlackElo "2046"]

1.d4 Nf6 2.c4 c5 3.d5 e6 4.Nc3 exd5 5.cxd5 d6 6.Nf3 g6 7.Bf4 Bg7 8.Qa4+ Bd7
9.Qb3 Qc7 10.e4 O-O 11.Nd2 Nh5 12.Be3 a6 13.Be2 Nf6 14.a4 Re8 15.O-O Bg4
16.f3 Bd7 17.Nc4 Bc8 18.Qb6 Qxb6 19.Nxb6 Ra7 20.e5 Nfd7 21.Nxc8 Rxc8 22.exd6 Re8
23.Kf2 Be5 24.a5 Bxd6 25.Ne4 Be5 26.Nxc5 Nxc5 27.Bxc5 Ra8 28.Ra4 Nd7 29.Bd4 Bxh2
30.Rb4 Be5 31.Bxe5 Rxe5 32.Rd1 Rb8 33.f4 Ree8 34.d6 Kg7 35.g4 h6 36.Rc4 g5
37.Rc7 Red8 38.Bd3 gxf4 39.Bf5 Nf8 40.d7 Ne6 41.Bxe6 fxe6 42.Rdc1 Kf7 43.Rc8  1-0

[Event "XXVI Belgrade Trophy 2012"]
[Site "Belgrade SRB"]
[Date "2012.11.30"]
[Round "7.9"]
[White "Ratkovic,Milov"]
[Black "Enchev,I"]
[Result "0-1"]
[WhiteElo "2304"]
[BlackElo "2411"]

1.d4 Nf6 2.c4 c5 3.Nf3 e6 4.d5 exd5 5.cxd5 d6 6.Nc3 g6 7.Nd2 Bg7 8.e4 O-O
9.Be2 Re8 10.O-O b6 11.Re1 a6 12.a4 Ra7 13.Bf3 Nbd7 14.Nc4 Ne5 15.Nxe5 Rxe5
16.Bf4 Re8 17.e5 Rae7 18.e6 fxe6 19.dxe6 Rxe6 20.Rxe6 Rxe6 21.Bg5 h6 22.Bxf6 Rxf6
23.Ne4 Rf8 24.Qd5+ Kh7 25.Nxd6 Bxb2 26.Re1 Bd4 27.h3 Bg7 28.a5 bxa5 29.Qxc5 Bxh3
30.Be4 Rf6 31.Rd1 Bf5 32.Rd5 Be6 33.Rd3 Qe7 34.Qxa5 Bg8 35.Qxa6 Qxe4 36.Nxe4 Rxa6
37.Rd7 Re6 38.f3 Rb6 39.Kh2 g5 40.g4 Kg6 41.Ng3 Be6 42.Ra7 Be5 43.Kh3 Bxg3
44.Kxg3 Rb3 45.Ra6 Kf6 46.Ra5 Bc8 47.Rc5 Bb7 48.Rf5+ Ke6 49.Rf8 Rxf3+ 50.Rxf3 Bxf3
51.Kxf3 Kd5  0-1

[Event "62nd ch-GRE 2012"]
[Site "Athens GRE"]
[Date "2012.12.01"]
[Round "8"]
[White "Skembris,S"]
[Black "Kapnisis,S"]
[Result "1/2-1/2"]
[WhiteElo "2463"]
[BlackElo "2457"]

1.d4 Nf6 2.c4 e6 3.Nf3 c5 4.d5 d6 5.Nc3 exd5 6.cxd5 g6 7.e4 Bg7 8.Bb5+ Bd7
9.a4 O-O 10.Nd2 Bxb5 11.axb5 Re8 12.O-O Nbd7 13.Re1 Ne5 14.Qe2 Nh5 15.Nf3 Nxf3+
16.Qxf3 f5 17.Bd2 Rf8 18.Qh3 Bd4 19.Ne2 Bxb2 20.Rab1 Be5 21.exf5 Qd7 22.g4 Ng7
23.f4 Bf6 24.fxg6 hxg6 25.Qg2 Rae8 26.h3 Rf7 27.Qf3 Rfe7 28.Nc3 Bd4+ 29.Kg2 Rxe1
30.Rxe1 Rxe1 31.Bxe1 Bxc3 32.Bxc3 Qxb5 33.f5 gxf5 34.gxf5 Qd7 35.Qg3 Kf8
36.Qg6 Nxf5 37.Qf6+ Qf7  1/2-1/2

[Event "TCh-CZE Extraliga 2012-13"]
[Site "Czech Republic CZE"]
[Date "2012.12.02"]
[Round "4.4"]
[White "Vokac,M"]
[Black "Klima,L"]
[Result "1-0"]
[WhiteElo "2471"]
[BlackElo "2340"]

1.d4 Nf6 2.c4 e6 3.Nf3 c5 4.d5 exd5 5.cxd5 d6 6.Nc3 g6 7.e4 Bg7 8.Nd2 O-O
9.Be2 Na6 10.O-O Nc7 11.a4 b6 12.Re1 Re8 13.Ra3 Rb8 14.Bb5 Nxb5 15.axb5 Ng4
16.Nf3 Rb7 17.Bf4 f5 18.h3 Bxc3 19.bxc3 fxe4 20.Bg5 Qd7 21.hxg4 exf3 22.c4 fxg2
23.Rxe8+ Qxe8 24.Re3 Qf7 25.Qe2 Bd7 26.Re7 Qf8 27.Qe3 h6 28.Qe4  1-0